| 000 | 00480nam a22001697a 4500 | ||
|---|---|---|---|
| 005 | 20150106125856.0 | ||
| 010 | _aENG-111509 | ||
| 020 |
_a9788174878618 _c495.00 |
||
| 035 | _aEN-95041 | ||
| 037 | _bDBAD/PUB | ||
| 100 | _aJagdish,Prasad Singh | ||
| 245 |
_aThe white horse / _cby Jagdish Prasad Singh |
||
| 260 |
_aNew Delhi _bRadha Publications _c2013 |
||
| 270 |
_a4231/1,Ansari Road,Daryaganj _bNew Delhi _e110002 |
||
| 300 |
_a192p. : _bill. _c22cm(Hb) |
||
| 942 |
_2ddc _cEN _mJAG |
||
| 999 |
_c90568 _d90568 |
||